Pezzettino /

Pezzettino è in cerca della propria identità. È talmente piccolino, infatti, confronto ai suoi amici - tutti grandi e grossi, capaci di volare, nuotare, arrampicarsi - che si convince di essere un pezzetto di qualcun'altro. Così comincia una ricerca che, alla fine, lo porterà a esclamare al colmo de...

Description complète

Enregistré dans:
Détails bibliographiques
Auteurs principaux: Lionni, Leo (Auteur), Cederna, Giuseppe (Auteur), Marconi, Maria (Auteur), Schubert, Franz, (1797-1828) (Auteur), Schwartz, Riccardo (Auteur)
Format: Livre
Langue:italien
Publié: Milano : Babalibri, ©2019
Tags: Ajouter un tag
Pas de tags, Soyez le premier à ajouter un tag!

MARC

LEADER 00000nam a22000007i 4500
001 IT\ICCU\LUA\0563727
003 ItRI
005 20260115232147.0
008 210312s2019 it |||||| ||||| |||||c
020 |a 9788883624414 
040 |b ita  |c importazione bologna sebina 
041 7 |a ita  |2 ISO-639-2 
100 1 |a Lionni, Leo  |0 IT\ICCU\CFIV\108724  |4 aut 
240 1 0 |a Pezzettino  |3 IT\ICCU\UBO\1333326  |9 Lionni, Leo 
245 1 0 |a Pezzettino /  |c Leo Lionni. 
260 |a Milano :  |b Babalibri,  |c ©2019 
300 |a [20] carte :  |b ill. ;  |c 28 cm 
500 |a Sul colophon: Il codice QR da inquadrare per ascoltare la fiaba musicale 
500 |a Sulla copertina: contiene la fiaba musicale 
520 |a Pezzettino è in cerca della propria identità. È talmente piccolino, infatti, confronto ai suoi amici - tutti grandi e grossi, capaci di volare, nuotare, arrampicarsi - che si convince di essere un pezzetto di qualcun'altro. Così comincia una ricerca che, alla fine, lo porterà a esclamare al colmo dello stupore e della felicità: Io sono me stesso!. Età di lettura: da 4 anni. 
700 1 |a Cederna, Giuseppe  |0 IT\ICCU\RAVV\090353  |4 aut 
700 1 |a Marconi, Maria  |0 IT\ICCU\INTV\015957  |4 aut 
700 1 |a Schubert, Franz,  |d  (1797-1828)  |0 IT\ICCU\CFIV\011295  |4 aut 
700 1 |a Schwartz, Riccardo  |0 IT\ICCU\UBOV\396344  |4 aut 
790 1 |a Schubert, Franz Peter  |3 IT\ICCU\CFIV\158578  |z Schubert, Franz (1797-1828) 
942 |2 ddc  |c BK  |n 0 
952 |0 0  |1 0  |4 0  |6 R_813_540000000000000_LIO  |7 0  |9 21162  |a BO  |b BO  |d 2026-01-15  |i 20206  |l 0  |o R 813.54 LIO  |p BO20206  |r 2026-01-15 23:21:47  |w 2026-01-15  |x [Sebina 5] [1 v.]  |y BK  |z 1 v. 
999 |c 18083  |d 18083